[Event "Palma de Mallorca op"]
[Site "Palma de Mallorca"]
[Date "1991.??.??"]
[Round "?"]
[White "Vazquez, Renier"]
[Black "Illescas Cordoba, Miguel"]
[Result "0-1"]
[WhiteElo "2460"]
[BlackElo "2545"]

1.e4 c5 2.Nf3 e6 3.d4 cxd4 4.Nxd4 Nc6 5.Nb5 d6 6.c4 Nf6 7.N1c3 a6 8.Na3 b6
9.Be2 Bb7 10.O-O Be7 11.Be3 Nb8 12.f3 Nbd7 13.Qd2 O-O 14.Rfd1 Qc7 15.Rac1 Rfe8
16.Kh1 Rac8 17.Bf1 Qb8 18.Qf2 Bd8 19.Rc2 Bc7 20.Rcd2 d5 21.cxd5 exd5 22.exd5 Bxh2
23.d6 Be5 24.Nc4 Bxc3 25.bxc3 b5 26.Ba7 Qa8 27.Na5 Rxc3 28.Bd4 Ra3 29.Nxb7 Qxb7
30.Bxf6 Nxf6 31.d7 Rd8 32.Qc5 Ra4 33.Rc1 h6 34.Qc7 Qxc7 35.Rxc7 Kf8 36.g3 g5
37.Bh3 g4 38.fxg4 Ne4 39.Rc8 Ke7 40.Re2 Rxd7 41.Bg2 Rd1+ 42.Kh2 Rd2 43.Rc7+ Ke6
44.Rc6+ Ke7 45.Rxd2 Nxd2 46.Bd5 Rd4 47.Bb3 Nxb3 48.axb3 Rd6 49.Rc7+ Rd7 50.Rc6 Rd6
51.Rc7+ Kf6 52.Kh3 Kg7 53.Ra7 Rd3 54.Rxa6 Rxb3 55.Ra1 Rb2 56.Rh1 b4 57.Kh4 Kg6
58.Kh3 b3 59.Ra1 Ra2 60.Rb1 b2 61.Kh2 Kf6  0-1

[Event "Pamplona"]
[Site "Pamplona"]
[Date "1991.??.??"]
[Round "3"]
[White "Fernandez Garcia, Jose L"]
[Black "Illescas Cordoba, Miguel"]
[Result "0-1"]
[WhiteElo "2470"]
[BlackElo "2545"]

1.e4 c5 2.Nf3 e6 3.d4 cxd4 4.Nxd4 Nc6 5.Nb5 Nf6 6.N1c3 Bb4 7.a3 Bxc3+ 8.Nxc3 d5
9.exd5 exd5 10.Bd3 d4 11.Qe2+ Be6 12.Ne4 Nxe4 13.Qxe4 Qd5 14.Qxd5 Bxd5 15.Bf4 O-O
16.O-O Rfe8 17.Rfe1 f6 18.Rxe8+ Rxe8 19.Rd1 g5 20.Bg3 Bf7 21.f4 gxf4 22.Bxf4 Bg6
23.Kf2 Kg7 24.Rd2 Bxd3 25.Rxd3 Re4 26.Rg3+ Kf7 27.Bd2 Ne5 28.h3 h5 29.Bh6 Ke6
30.Rg7 Nf7 31.Bd2 Re5 32.Bb4 a5 33.Bf8 Rb5 34.b4 b6 35.Ke2 a4 36.Kd3 Rd5
37.b5 Ne5+ 38.Ke4 f5+ 39.Kf4 Kf6 40.Kg3 Nd7  0-1

[Event "Terrassa"]
[Site "Terrassa"]
[Date "1991.??.??"]
[Round "2"]
[White "Epishin, Vladimir"]
[Black "Illescas Cordoba, Miguel"]
[Result "1/2-1/2"]
[WhiteElo "2620"]
[BlackElo "2545"]

1.d4 d5 2.c4 e6 3.Nf3 Nf6 4.Nc3 Bb4 5.Bg5 h6 6.Bxf6 Qxf6 7.e3 O-O 8.Rc1 dxc4
9.Bxc4 c5 10.O-O cxd4 11.Nxd4 Rd8 12.Qb3 Qe7 13.Be2 Nd7 14.Ncb5 Nb6 15.Nc7 Rb8
16.a3 Bc5 17.Ncb5 a6 18.Qc2 Nd7 19.Nc7 Bxd4 20.exd4 Nf6 21.Rfd1 Bd7 22.Bf3 Rdc8
23.Qc5 Qxc5 24.Rxc5 Ba4 25.Rdc1 Rd8 26.R5c4 Bb3 27.Rb4 Bd5 28.Nxd5 Nxd5 29.Bxd5 Rxd5
30.g3 b5 31.a4 a5 32.Rxb5 Rbxb5 33.axb5 Rxb5 34.Rc8+ Kh7 35.Rc5 Rxb2 36.Rxa5 Rd2
37.Ra7 Kg6 38.Rd7 Kf6 39.Kg2 g5  1/2-1/2

[Event "Terrassa"]
[Site "Terrassa"]
[Date "1991.??.??"]
[Round "5"]
[White "Illescas Cordoba, Miguel"]
[Black "Romanishin, Oleg M"]
[Result "1/2-1/2"]
[WhiteElo "2545"]
[BlackElo "2610"]

1.Nf3 Nf6 2.c4 e6 3.Nc3 Bb4 4.Qc2 c5 5.a3 Ba5 6.e3 O-O 7.d4 d6 8.Be2 Nbd7
9.O-O Qe7 10.b3 Bxc3 11.Qxc3 b6 12.Bb2 Ne4 13.Qc2 f5 14.Nd2 Bb7 15.f3 Nxd2
16.Qxd2 e5 17.f4 exd4 18.exd4 Rae8 19.Bf3 Bxf3 20.Rxf3 Qe2 21.Rd1 Qxd2 22.Rxd2 Re1+
23.Rf1 Re3 24.Rf3 Re1+ 25.Rf1 Re3 26.Rf3 Re1+  1/2-1/2

[Event "Leon"]
[Site "Leon"]
[Date "1992.??.??"]
[Round "8"]
[White "Sion Castro, Marcelino"]
[Black "Illescas Cordoba, Miguel"]
[Result "1/2-1/2"]
[WhiteElo "2375"]
[BlackElo "2555"]

1.e4 c5 2.Nf3 e6 3.d4 cxd4 4.Nxd4 Nc6 5.Nb5 d6 6.Bf4 e5 7.Be3 a6 8.N5c3 Nf6
9.Bc4 Be6 10.Nd5 Bxd5 11.Bxd5 Nxd5 12.Qxd5 Be7 13.O-O O-O 14.Nc3 Rc8 15.Qd2 Qd7
16.Nd5 Bd8 17.Rad1 Ne7 18.c3 Ng6 19.Qe2 f5 20.f3 Kh8 21.c4 Qe6 22.b3 Nh4
23.Bf2 Ng6 24.g3 Kg8 25.exf5 Rxf5 26.Qe4 Rf7 27.a4 Nf8 28.Qg4 Qxg4 29.fxg4 Nd7
30.Nc3 Nf6 31.Rxd6 Nxg4 32.Bb6 Bxb6+ 33.Rxb6 Rxf1+ 34.Kxf1 Rf8+ 35.Ke2 Rf2+
36.Kd3 Rf3+ 37.Kd2 Nxh2 38.Ne4 Rf7 39.c5 Nf3+ 40.Kc3 Nd4 41.Kc4 h5 42.Kd5 Rd7+
43.Nd6 g5 44.Kxe5 h4 45.gxh4 gxh4 46.Kf4 Ne6+  1/2-1/2

[Event "Leon"]
[Site "Leon"]
[Date "1992.??.??"]
[Round "9"]
[White "Illescas Cordoba, Miguel"]
[Black "Gulko, Boris F"]
[Result "0-1"]
[WhiteElo "2555"]
[BlackElo "2560"]

1.e4 c5 2.Nf3 Nc6 3.d4 cxd4 4.Nxd4 Nf6 5.Nc3 d6 6.Be2 g6 7.O-O Bg7 8.Be3 O-O
9.Qd2 Bd7 10.f4 Nxd4 11.Bxd4 Bc6 12.Bf3 e5 13.fxe5 dxe5 14.Be3 Qxd2 15.Bxd2 Rfd8
16.Rad1 Rd4 17.Bg5 h6 18.Bxf6 Bxf6 19.Nd5 Bg5 20.Rxd4 exd4 21.Rd1 Rc8 22.Rxd4 Bxd5
23.Rxd5 Rxc2 24.Rd7 Rxb2 25.e5 Rxa2 26.Bd5 Be3+ 27.Kf1 Rf2+ 28.Ke1 b5 29.g4 Rf4
30.Rd8+ Kg7 31.Rd7 Kf8 32.Rd8+ Ke7 33.Rb8 Bb6 34.Rb7+ Ke8 35.Rb8+ Kd7 36.Rb7+ Kc8
37.Rxf7 Rxf7 38.Bxf7 g5 39.Be8 a6 40.e6 Bd8 41.e7 Bxe7 42.Ke2 Kc7 43.Kd3 Kd6
44.Bg6 Kc5 45.Bf5 Kb4 46.Bc8 a5 47.Bd7 Bd6 48.Kc2 Bxh2 49.Be8 a4 50.Bd7 Be5
51.Be8 Ka5 52.Bc6 b4 53.Kd3 b3 54.Kc4 h5  0-1

[Event "Oviedo rapid45"]
[Site "Oviedo"]
[Date "1992.??.??"]
[Round "2"]
[White "Illescas Cordoba, Miguel"]
[Black "Morrison, Chris"]
[Result "1-0"]
[WhiteElo "2555"]
[BlackElo "2225"]

1.Nf3 d6 2.d4 Nf6 3.c4 Nbd7 4.Nc3 e5 5.e4 Be7 6.Be2 O-O 7.O-O c6 8.Re1 a6
9.Bf1 b5 10.a3 Re8 11.h3 Qc7 12.Bg5 exd4 13.Nxd4 c5 14.Nf5 bxc4 15.Nxe7+ Rxe7
16.Bxc4 Bb7 17.f3 Rae8 18.Qd2 h6 19.Bh4 g5 20.Bg3 Ne5 21.Bd5 Nxd5 22.Nxd5 Bxd5
23.Qxd5 Qb7 24.Qxd6 Re6 25.Qd2 Nc4 26.Qc2 Ne5 27.b3 Rb6 28.Rab1 Qe7 29.Red1 Qe6
30.Rd5 f6 31.Rbd1 Reb8 32.Bxe5 fxe5 33.Qxc5 Rc6 34.Rd8+ Rxd8 35.Rxd8+ Kh7
36.Qf8 Kg6 37.Re8 Qxb3 38.Qf5+ Kh5 39.Kh2 Rc2 40.Qg4+ Kg6 41.Re6+ Kg7 42.Qf5 Rxg2+  1-0

[Event "Oviedo rapid45"]
[Site "Oviedo"]
[Date "1992.??.??"]
[Round "3"]
[White "Janovsky, Sergey"]
[Black "Illescas Cordoba, Miguel"]
[Result "1/2-1/2"]
[WhiteElo "2430"]
[BlackElo "2555"]

1.e4 c5 2.c3 d5 3.exd5 Qxd5 4.d4 e6 5.Nf3 Nf6 6.Be3 cxd4 7.cxd4 Nc6 8.Nc3 Qd6
9.a3 Be7 10.Qc2 Nd5 11.Nxd5 exd5 12.h3 O-O 13.Bd3 h6 14.O-O Qf6 15.Be2 Bf5
16.Qb3 Be4 17.Rac1 Rab8 18.Rfd1 Bd6 19.Nd2 Nxd4 20.Bxd4 Qxd4 21.Nxe4 Qxe4
22.Qxd5 Qxe2 23.Rd2 Rbc8 24.Rcd1 Qe5  1/2-1/2

[Event "Oviedo rapid45"]
[Site "Oviedo"]
[Date "1992.??.??"]
[Round "5"]
[White "Strikovic, Aleksa"]
[Black "Illescas Cordoba, Miguel"]
[Result "1-0"]
[WhiteElo "2480"]
[BlackElo "2555"]

1.e4 c5 2.d3 e6 3.Nf3 d5 4.Qe2 Nc6 5.g3 Nge7 6.Bg2 g6 7.O-O Bg7 8.c3 b6 9.Re1 O-O
10.e5 a5 11.a4 Ba6 12.Na3 h6 13.h4 Qd7 14.Bf4 Na7 15.Qd2 Kh7 16.Nc2 b5 17.Ne3 Nac6
18.axb5 Bxb5 19.Ng4 Ng8 20.Bxh6 Nxh6 21.Qxh6+ Bxh6 22.Nf6+ Kg7 23.Nxd7 Bxd3
24.Nxf8 Kxf8 25.Ng5 Rb8 26.Rad1 c4 27.Rd2 Bxg5 28.hxg5 Rb5 29.f4 Nb8 30.Bf1 Bxf1
31.Rxf1 Nd7 32.g4 Ke7 33.Kf2 Rb8 34.Rh1 Nc5 35.Ke3 Ne4 36.Rg2 a4 37.f5 a3
38.fxg6 axb2 39.g7 Rb3 40.g8=Q Nxc3 41.g6 Nd1+ 42.Kf4  1-0

[Event "Oviedo rapid45"]
[Site "Oviedo"]
[Date "1992.??.??"]
[Round "6"]
[White "Galego, Luis"]
[Black "Illescas Cordoba, Miguel"]
[Result "1-0"]
[WhiteElo "2405"]
[BlackElo "2555"]

1.e4 c5 2.Nf3 e6 3.g3 Nc6 4.Bg2 Nf6 5.Nc3 d5 6.exd5 exd5 7.O-O d4 8.Qe2+ Be7
9.Ne4 O-O 10.d3 Nd5 11.Re1 h6 12.Ned2 Be6 13.Nc4 Qc7 14.Nce5 Nxe5 15.Nxe5 Rad8
16.Ng6 Rfe8 17.Nxe7+ Qxe7 18.Bd2 Qc7 19.Qf3 b6 20.a3 a5 21.Re5 f6 22.Re2 Bf7
23.Rae1 Rxe2 24.Rxe2 a4 25.h4 b5 26.Kh2 c4 27.Bh3 Qd6 28.Qg4 h5 29.Qxd4 Qc7
30.dxc4 bxc4 31.Be6 Bxe6 32.Rxe6 Ne7 33.Qe3 Rd7 34.Bb4 Ng6 35.Re8+ Kh7 36.Qf3 Kh6
37.Bd2+ Rxd2 38.Qe3+ Kh7 39.Qxd2 Qc6 40.Qe2 Kh6 41.Re4 Ne5 42.Rxe5 fxe5 43.Qxe5  1-0

[Event "Pamplona"]
[Site "Pamplona"]
[Date "1992.??.??"]
[Round "9"]
[White "Illescas Cordoba, Miguel"]
[Black "De la Villa Garcia, Jesus Maria"]
[Result "1/2-1/2"]
[WhiteElo "2600"]
[BlackElo "2475"]

1.c4 Nf6 2.Nc3 c5 3.e4 Nc6 4.g3 g6 5.Bg2 Bg7 6.Nge2 O-O 7.O-O Ne8 8.a3 a5
9.d3 Nc7 10.Be3 Ne6 11.Rb1 Ned4 12.f4 d6 13.h3 f5 14.Kh2 Bd7 15.Nb5 Nxb5
16.cxb5 Nd4 17.a4 fxe4 18.dxe4 e5 19.Nxd4 cxd4 20.Qb3+ Kh8 21.Bd2 Rc8 22.Rbc1 Rc5
23.Rxc5 dxc5 24.Qd5 b6 25.fxe5 Re8 26.Bf4 Be6 27.Qc6 Bc4 28.Bg5 Qb8 29.Bf6 Bxf1
30.Bxg7+ Kxg7 31.Qf6+ Kh6 32.Qh4+  1/2-1/2

[Event "Ponferrada op"]
[Site "Ponferrada"]
[Date "1992.??.??"]
[Round "?"]
[White "Illescas Cordoba, Miguel"]
[Black "Ubilava, Elizbar"]
[Result "1/2-1/2"]
[WhiteElo "2555"]
[BlackElo "2560"]

1.c4 e6 2.g3 d5 3.Bg2 g6 4.Qb3 c6 5.Nf3 Bg7 6.d4 Ne7 7.O-O O-O 8.Rd1 Nd7
9.Nc3 Nb6 10.cxd5 exd5 11.Bf4 Nf5 12.Be5 f6 13.Bf4 Kh8 14.e4 dxe4 15.Nxe4 Nd5
16.Bd2 Nd6 17.Nxd6 Qxd6 18.Re1 a5 19.a3 Be6 20.Qc2 Qd7 21.h4 Bf5  1/2-1/2

[Event "Ponferrada op"]
[Site "Ponferrada"]
[Date "1992.??.??"]
[Round "?"]
[White "Todorcevic, Miodrag"]
[Black "Illescas Cordoba, Miguel"]
[Result "0-1"]
[WhiteElo "2470"]
[BlackElo "2555"]

1.g3 e5 2.Bg2 d5 3.d3 Nc6 4.Nf3 f5 5.O-O Nf6 6.a3 Bd6 7.b4 e4 8.Ne1 Be6 9.Bb2 Qe7
10.c4 dxc4 11.dxe4 fxe4 12.Nc2 O-O-O 13.Qe1 h5 14.b5 Ne5 15.Qa5 h4 16.Bxe5 Bxe5
17.b6 axb6 18.Qxe5 hxg3 19.Nc3 Rxh2 20.Qxg3 Rdh8 21.Ne3 Qc5 22.Rac1 R2h5
23.Rfd1 Rg5 24.Qf4 Bh3 25.Ncd5 Rxg2+ 26.Nxg2 Nxd5 27.Qxe4 Bxg2 28.Qxg2 Nf6
29.Rc3 Kb8 30.Rh3 Rf8 31.Qxg7 Ne4 32.e3 Qf5 33.f3 Ka7 34.Rf1 Qxh3 35.Qxf8 Ng3
36.Qg8  0-1

[Event "Ponferrada op"]
[Site "Ponferrada"]
[Date "1992.??.??"]
[Round "?"]
[White "Azmaiparashvili, Zurab"]
[Black "Illescas Cordoba, Miguel"]
[Result "1/2-1/2"]
[WhiteElo "2610"]
[BlackElo "2555"]

1.c4 Nf6 2.Nc3 c5 3.Nf3 Nc6 4.d4 cxd4 5.Nxd4 e6 6.Bf4 Bb4 7.Nb5 O-O 8.Bc7 Qe7
9.Bd6 Bxd6 10.Qxd6 Qd8 11.Rd1 b6 12.Qa3 Na5 13.Nd6 Nb7 14.Ncb5 Nxd6 15.Nxd6 Ne8
16.e3  1/2-1/2

[Event "Ponferrada op"]
[Site "Ponferrada"]
[Date "1992.??.??"]
[Round "?"]
[White "Illescas Cordoba, Miguel"]
[Black "Campora, Daniel H"]
[Result "1/2-1/2"]
[WhiteElo "2555"]
[BlackElo "2550"]

1.d4 Nf6 2.c4 e6 3.Nc3 d5 4.Bg5 Be7 5.e3 h6 6.Bh4 O-O 7.Nf3 b6 8.Rc1 Bb7
9.Bxf6 Bxf6 10.cxd5 exd5 11.Bd3 c5 12.O-O cxd4 13.exd4 Nc6 14.Bb1 Re8 15.Qd3 g6
16.Rfe1 Qd7 17.a3 Rxe1+ 18.Rxe1 Re8 19.Rd1 Re6 20.Ba2 Ne7 21.h4 h5 22.g3 Nf5
23.Qd2 Qd6 24.Bb1 Ng7 25.Qh6 Re8 26.Ng5 Bxg5 27.Qxg5 Ne6 28.Qd2 Nc7 29.Re1 Qf6
30.Rxe8+ Nxe8 31.Qe3 Nd6 32.b3 Kf8 33.Kf1 Ba6+ 34.Ke1 Nf5 35.Bxf5 Qxf5 36.Kd2 Bf1
37.Kc1 f6 38.Qh6+ Kg8 39.Qe3 Kf7 40.Qh6 Qxf2 41.Qh7+ Kf8 42.Qh6+ Kf7 43.Qh7+  1/2-1/2

[Event "Sevilla op"]
[Site "Sevilla"]
[Date "1992.??.??"]
[Round "4"]
[White "Danailov, Silvio"]
[Black "Illescas Cordoba, Miguel"]
[Result "1/2-1/2"]
[WhiteElo "2445"]
[BlackElo "2555"]

1.g3 e5 2.c4 f5 3.Bg2 Nf6 4.Nc3 Bb4 5.Qc2 Bxc3 6.Qxc3 d6 7.d4 Qe7 8.dxe5 dxe5
9.Nf3 Nc6 10.O-O O-O 11.b3 Rd8 12.Be3 a5 13.Rad1 Rxd1 14.Rxd1 Ne4 15.Qb2 a4
16.Nd2 Nf6 17.Bxc6 bxc6 18.Nf3 axb3 19.axb3 Nd7 20.Bg5 Qe8 21.Bd2 e4 22.Nh4 Nf8
23.Bc3 Qe7 24.Qd2 Be6 25.Qd4 Rb8 26.Qe5 Qf7 27.b4 Re8 28.Qc5 f4 29.Qxc6 g5
30.Ng2 Bxc4 31.Rd4 Bxe2 32.Rxe4 fxg3 33.hxg3 Bb5 34.Qb7 c6 35.Qxf7+ Kxf7
36.Rxe8  1/2-1/2

[Event "Sevilla op"]
[Site "Sevilla"]
[Date "1992.??.??"]
[Round "9"]
[White "Illescas Cordoba, Miguel"]
[Black "Maric, Mirjana"]
[Result "1-0"]
[WhiteElo "2555"]
[BlackElo "2265"]

1.c4 e6 2.Nc3 d5 3.d4 Be7 4.Nf3 Nf6 5.Bg5 Nbd7 6.e3 O-O 7.Bd3 dxc4 8.Bxc4 c5
9.O-O cxd4 10.exd4 Nb6 11.Bd3 Nfd5 12.Bd2 Nb4 13.Bb1 N6d5 14.Re1 Nf6 15.a3 Nc6
16.Bg5 g6 17.Ba2 b6 18.Bh6 Re8 19.d5 exd5 20.Nxd5 Be6 21.Nxe7+ Rxe7 22.Bxe6 Rxe6
23.Rxe6 Qxd1+ 24.Rxd1 fxe6 25.Rd6 Nd8 26.h3 Kf7 27.Rd3 Rc8 28.Ne5+ Ke8 29.Rf3 Rc5
30.Nxg6 Nd7 31.Nf4 Nf7 32.Bg7 e5 33.Nd3 Rd5 34.Re3 Kd8 35.f4 exf4 36.Nxf4 Rd1+
37.Kh2 Nd6 38.Ne6+ Kc8 39.Rc3+ Kb8 40.Bh6 Re1 41.Nf8 Nxf8 42.Bxf8 Nf5 43.Rc2 Re8
44.Rf2 Rxf8 45.g4 Rf7 46.Rxf5 Re7 47.Kg3 Kc7 48.g5 Kd6 49.Kg4 Ke6 50.Rf2 Kd5
51.h4 Kc4 52.h5 Kb3 53.g6 hxg6 54.hxg6 a5 55.Kg5 b5 56.Kf6 Rc7 57.g7 Rc6+
58.Kf7 Rc7+ 59.Kg6 Rc6+ 60.Kh7 Rc7 61.Kh8  1-0

[Event "Buenos Aires Najdorf"]
[Site "Buenos Aires"]
[Date "1993.??.??"]
[Round "4"]
[White "Illescas Cordoba, Miguel"]
[Black "Spangenberg, Hugo"]
[Result "1-0"]
[WhiteElo "2615"]
[BlackElo "2505"]

1.Nf3 d6 2.d4 Bg4 3.c4 Bxf3 4.exf3 c6 5.Nc3 Nf6 6.d5 g6 7.Bd3 Bg7 8.O-O O-O
9.Re1 a6 10.f4 b5 11.Qf3 b4 12.Ne4 cxd5 13.Nxf6+ Bxf6 14.Qxd5 Nd7 15.f5 Ne5
16.fxg6 hxg6 17.Bf1 Rc8 18.Bd2 a5 19.Qe4 Nd7 20.Rab1 Nc5 21.Qf3 Na4 22.a3 Rb8
23.axb4 axb4 24.g3 Qa5 25.Ra1 Qa8 26.Qg4 Bxb2 27.Bg2 Qa7 28.Ra2 b3 29.Rxb2 Nxb2
30.Bd5 e6 31.Rxe6 fxe6 32.Qxe6+ Kh7 33.Qh3+ Kg7 34.Bh6+ Kh8 35.Be3+ Kg7  1-0

[Event "Buenos Aires Najdorf"]
[Site "Buenos Aires"]
[Date "1993.??.??"]
[Round "5"]
[White "Zarnicki, Pablo"]
[Black "Illescas Cordoba, Miguel"]
[Result "1/2-1/2"]
[WhiteElo "2470"]
[BlackElo "2615"]

1.e4 c5 2.Nf3 e6 3.Nc3 Nc6 4.Bb5 Nge7 5.O-O a6 6.Bxc6 Nxc6 7.d4 cxd4 8.Nxd4 d6
9.Nxc6 bxc6 10.Qg4 h5 11.Qe2 h4 12.h3 Be7 13.b3 O-O 14.Bb2 Qc7 15.Nd1 e5
16.Ne3 Be6 17.Qh5 g6 18.Qe2 d5 19.exd5 cxd5 20.Ng4 Bxg4 21.Qxg4 Qxc2 22.Bxe5 Qe4
23.Rfe1 Qxg4 24.hxg4 Rac8 25.Rac1 f6 26.Bb2 Kf7 27.Kf1 Bd6 28.Rxc8 Rxc8 29.Rc1 Rxc1+
30.Bxc1 Ke6 31.Ke2 f5 32.Bg5 fxg4 33.Bxh4 Kf5 34.Kd3 Bc5 35.Bg3 Ke6 36.Kc3 Kd7
37.b4 Ba7 38.a4 Kc6 39.Kd3 Bb6 40.Ke2 Bd4 41.Bf4 Bc3 42.Bd2 Bd4 43.Be1 Ba7
44.Kd3 Bb6  1/2-1/2

[Event "Buenos Aires Najdorf"]
[Site "Buenos Aires"]
[Date "1993.??.??"]
[Round "10"]
[White "Panno, Oscar"]
[Black "Illescas Cordoba, Miguel"]
[Result "1-0"]
[WhiteElo "2495"]
[BlackElo "2615"]

1.d4 d5 2.c4 c6 3.Nf3 Nf6 4.e3 Bf5 5.Bd3 Bxd3 6.Qxd3 e6 7.Nc3 Nbd7 8.O-O Bb4
9.Bd2 a5 10.a3 Be7 11.Rfd1 O-O 12.e4 dxe4 13.Nxe4 Nxe4 14.Qxe4 Nf6 15.Qe2 Qb6
16.b4 axb4 17.axb4 Qc7 18.g3 Rfd8 19.Bc3 Bf8 20.h4 h6 21.Ne5 Nd7 22.Ng4 b5
23.c5 h5 24.Ne5 Nf6 25.Qf3 Nd5 26.Bd2 g6 27.Bf4 Qb7 28.Bg5 Nxb4 29.Bxd8 Rxd8
30.Qc3 Nd5 31.Qa5 Rc8 32.Qa7 Qc7 33.Qxc7 Rxc7 34.Ra6 Nb4 35.Ra8 Kg7 36.Rda1 Nc2
37.R1a7 Rxa7 38.Rxa7 Nxd4 39.Rxf7+ Kg8 40.Rc7 Bxc5 41.Nxc6 Nf3+ 42.Kg2 Ne1+
43.Kf1 Nd3 44.Ne5 Nxe5 45.Rxc5 Nf7 46.Rc6  1-0

[Event "ESP-chT"]
[Site "?"]
[Date "1993.??.??"]
[Round "?"]
[White "Bernal Moro, Luis Javier"]
[Black "Illescas Cordoba, Miguel"]
[Result "1/2-1/2"]
[WhiteElo "2385"]
[BlackElo "2625"]

1.d4 Nf6 2.c4 c6 3.Nc3 d5 4.e3 g6 5.Nf3 Bg7 6.Be2 O-O 7.O-O a6 8.b3 Bg4 9.h3 Bxf3
10.Bxf3 b5 11.cxd5 cxd5 12.Ba3 Nc6 13.Bc5 Re8 14.b4 e6 15.a4 Bf8 16.axb5 Nxb4
17.Bxf8 Rxf8 18.bxa6  1/2-1/2

[Event "Groningen PCA"]
[Site "Groningen"]
[Date "1993.??.??"]
[Round "11"]
[White "Illescas Cordoba, Miguel"]
[Black "Chernin, Alexander"]
[Result "1/2-1/2"]
[WhiteElo "2625"]
[BlackElo "2615"]

1.c4 e5 2.Nc3 Nf6 3.Nf3 Nc6 4.g3 Nd4 5.Bg2 Nxf3+ 6.Bxf3 Bb4 7.Qb3 a5 8.a3 Bc5
9.d3 O-O 10.O-O Re8 11.Bg2 h6 12.Rb1 d6 13.Qc2 c6 14.b4 axb4 15.axb4 Ba7
16.Bb2 Bf5 17.h3 Qe7 18.e4 Bd7 19.Ne2 b5 20.Ra1 Reb8 21.cxb5 cxb5 22.Kh2 Rc8
23.Qd2 Bc6 24.f4 Nd7 25.Nc3 Bd4 26.Ne2 Bxb2 27.Qxb2 Nb6 28.Rxa8 Rxa8 29.Rc1 Na4
30.Qd2 Qb7 31.Qe3 Rc8 32.h4 Bd7 33.Bh3 Bxh3 34.Kxh3 Rc7 35.f5 Rxc1 36.Qxc1 d5
37.Qc2 Kh7 38.g4 dxe4 39.dxe4 Qb6 40.Qb3 f6 41.Ng3 Qd4 42.Qf7 Qe3 43.Qg6+ Kg8
44.Qe8+ Kh7 45.Qg6+ Kg8 46.Qe8+ Kh7 47.Qxb5 Nc3 48.Qe8  1/2-1/2

[Event "Leon"]
[Site "Leon"]
[Date "1993.??.??"]
[Round "1"]
[White "Illescas Cordoba, Miguel"]
[Black "Romero Holmes, Alfonso"]
[Result "1-0"]
[WhiteElo "2615"]
[BlackElo "2210"]

1.d4 Nf6 2.c4 g6 3.Nc3 Bg7 4.e4 d6 5.Bd3 O-O 6.Nge2 Nc6 7.O-O Nd7 8.Be3 e5
9.d5 Nd4 10.Nb5 Nxb5 11.cxb5 f5 12.f3 f4 13.Bf2 Nf6 14.Rc1 g5 15.Rc3 g4 16.Kh1 Ne8
17.fxg4 Bxg4 18.Qe1 f3 19.Ng1 fxg2+ 20.Kxg2 Qd7 21.Bh4 Rxf1 22.Bxf1 Bh6 23.Be2 Ng7
24.Rg3 Bxe2 25.Qxe2 Rf8 26.Nh3 Kh8 27.a4 Qe8 28.Rf3 Bf4 29.Nxf4 exf4 30.Be1 Rf6
31.Bc3 Rg6+ 32.Kf1 Kg8 33.Rxf4 c6 34.dxc6 bxc6 35.Qc4+ Qe6 36.Qxe6+ Nxe6
37.bxc6 Rg5 38.Rf6  1-0

[Event "Leon"]
[Site "Leon"]
[Date "1993.??.??"]
[Round "5"]
[White "Illescas Cordoba, Miguel"]
[Black "Sion Castro, Marcelino"]
[Result "1/2-1/2"]
[WhiteElo "2615"]
[BlackElo "2390"]

1.e4 c5 2.Nf3 d6 3.d4 cxd4 4.Nxd4 Nf6 5.Nc3 Nc6 6.g3 e6 7.Bg2 Bd7 8.Ndb5 Qb8
9.a4 a6 10.Na3 Qc7 11.O-O b6 12.Be3 Rb8 13.Qe2 Nb4 14.Rfd1 Rc8 15.Rd4 Nc6
16.Rd2 Nb8 17.Rad1 h6 18.Bd4 e5 19.Be3 Be7 20.f3 Be6 21.Qf2 Nbd7 22.Bf1 Qb7
23.Qe2 Rxc3 24.bxc3 d5 25.Nb1 dxe4 26.Qxa6 Qxa6 27.Bxa6 O-O 28.fxe4 Nc5 29.Bxc5 Bxc5+
30.Kg2 Nxe4 31.Rd8 Nf2 32.Rxf8+ Kxf8 33.Rd8+ Ke7 34.Rb8 Bh3+ 35.Kf3 Bg4+
36.Kg2 Bh3+ 37.Kf3 Bg4+ 38.Kg2 Bh3+  1/2-1/2

[Event "Leon"]
[Site "Leon"]
[Date "1993.??.??"]
[Round "6"]
[White "Illescas Cordoba, Miguel"]
[Black "Leko, Peter"]
[Result "1-0"]
[WhiteElo "2615"]
[BlackElo "2465"]

1.c4 c5 2.Nf3 g6 3.d4 cxd4 4.Nxd4 Nc6 5.e4 Nf6 6.Nc3 d6 7.Be2 Nxd4 8.Qxd4 Bg7
9.O-O O-O 10.Qe3 Bd7 11.Rd1 Qb6 12.Qxb6 axb6 13.Be3 Bc6 14.f3 Nd7 15.Rdc1 Nc5
16.Rc2 Rfc8 17.Nd5 Bxd5 18.cxd5 Ra3 19.Bf2 Rca8 20.Bc4 b5 21.Rac1 R3a4 22.Bxb5 Rxa2
23.b4 Rxc2 24.Rxc2 Na6 25.Be1 Bd4+ 26.Kf1 h5 27.Bd7 Kg7 28.Rc8 Rb8 29.Ke2 Bg1
30.Bc3+ f6 31.h4 Kh6 32.Rxb8 Nxb8 33.Bc8 b6 34.Bd2+ Kg7 35.Be3 Bxe3 36.Kxe3 Kf7
37.g4 Ke8 38.gxh5 gxh5 39.Kd4 b5 40.f4 Kf7 41.Bb7 Kf8 42.f5 Kf7 43.Bc6 Na6
44.Bxb5  1-0

[Event "Leon"]
[Site "Leon"]
[Date "1993.??.??"]
[Round "8"]
[White "Illescas Cordoba, Miguel"]
[Black "Garcia Ilundain, David"]
[Result "1-0"]
[WhiteElo "2615"]
[BlackElo "2475"]

1.c4 e6 2.Nf3 Nf6 3.Nc3 d5 4.d4 Bb4 5.cxd5 exd5 6.Bg5 Nbd7 7.e3 c5 8.Bd3 Qa5
9.Qc2 c4 10.Bf5 O-O 11.O-O g6 12.Bxd7 Nxd7 13.Nd2 Re8 14.f3 Nb6 15.Bf4 Bd7
16.e4 Rac8 17.Rae1 Bf8 18.Ndb1 Bg7 19.Qf2 Be6 20.Rd1 Red8 21.h3 Na4 22.g4 Nxc3
23.Nxc3 Rd7 24.e5 b5 25.a3 Rb7 26.Bg5 f5 27.exf6 Bf8 28.Rfe1 Bf7 29.Re7 Bxe7
30.fxe7 b4 31.axb4 Qxb4 32.Qe3 Re8 33.Re1 Qd6 34.Qe5 Qxe5 35.dxe5 Be6 36.Re2 d4
37.Ne4 Rexe7 38.Bxe7 Rxe7 39.Kf2 Kg7 40.Rd2 d3 41.Ke3 Bd5 42.f4 Bxe4 43.Kxe4 Rb7
44.Kd4 Rb4 45.Kc3 a5 46.Rf2 Kf7 47.f5 gxf5 48.gxf5 Rb5 49.Kd4 a4 50.f6 a3
51.e6+ Kxe6 52.bxa3 Kf7 53.Kxc4 Ra5 54.Kb4 Rd5 55.Rd2 Kxf6 56.Kc4 Ke5 57.Rxd3 Ra5
58.Kb4 Ra7 59.a4 Rb7+ 60.Kc5 Ra7 61.Re3+ Kf4 62.Ra3 h5 63.a5 h4 64.a6 Rc7+
65.Kb6 Rg7  1-0

[Event "Linares m"]
[Site "Linares"]
[Date "1993.??.??"]
[Round "3"]
[White "Ljubojevic, Ljubomir"]
[Black "Illescas Cordoba, Miguel"]
[Result "1/2-1/2"]
[WhiteElo "2595"]
[BlackElo "2625"]

1.e4 c5 2.Nf3 Nc6 3.d4 cxd4 4.Nxd4 Nf6 5.Nc3 e5 6.Ndb5 d6 7.Bg5 a6 8.Na3 b5
9.Nd5 Be7 10.Bxf6 Bxf6 11.g3 O-O 12.Bg2 Bg5 13.O-O Ne7 14.Nxe7+ Qxe7 15.c3 Rb8
16.Nc2 a5 17.Re1 Be6 18.Ne3 Bxe3 19.Rxe3 Rfc8 20.Qd2 Rb6 21.Bf1 h6 22.a4 Bc4
23.axb5 Bxf1 24.Rxf1 Rxb5 25.Rd1 Rcb8 26.Qxd6 Qxd6 27.Rxd6 Rxb2 28.Red3 R8b6
29.Rxb6 Rxb6 30.Rd8+ Kh7 31.Ra8 Rb5 32.Kf1 Rc5 33.Ke2  1/2-1/2

[Event "Linares m"]
[Site "Linares"]
[Date "1993.??.??"]
[Round "4"]
[White "Illescas Cordoba, Miguel"]
[Black "Ljubojevic, Ljubomir"]
[Result "1/2-1/2"]
[WhiteElo "2625"]
[BlackElo "2595"]

1.Nf3 c5 2.c4 g6 3.d4 cxd4 4.Nxd4 Nf6 5.Nc3 Nc6 6.Nc2 Bg7 7.e4 O-O 8.Be2 d6
9.O-O Nd7 10.Bd2 Nc5 11.b4 Ne6 12.Rb1 a5 13.a3 axb4 14.axb4 Ncd4 15.Bd3 Bd7
16.Nxd4 Nxd4 17.Qc1 e6 18.Bh6 Bxh6 19.Qxh6 Qf6 20.Qc1 Qg7 21.Rd1 Rfc8 22.Bf1 Ba4
23.Nxa4 Rxa4 24.Qb2 e5 25.Ra1 Raa8 26.Ra5 Qf8 27.Rda1 Rxa5 28.Rxa5 Qe7 29.Ra7 Nc6
30.Ra1 Qh4 31.Bd3 Nd4 32.h3 h5 33.Ra7 Qe7 34.Qd2 Kg7 35.Bf1 Nc6 36.Ra3 Rd8
37.Ra4 Qc7 38.Qe3 Nd4 39.h4 Qc6 40.Ra2 Qb6 41.Qa3 Nc6 42.Rb2 Qd4 43.b5 Ne7
44.Bd3 Ng8 45.Rc2 Nf6 46.Qc3 Qxc3 47.Rxc3 Ra8 48.c5 Ra1+ 49.Kh2 dxc5 50.b6 c4
51.Bc2 Ra6 52.Rxc4 Rxb6 53.f3 Rc6 54.Rxc6 bxc6 55.Kg3 Kf8 56.f4 exf4+ 57.Kxf4 Ke7
58.Ba4 c5 59.Bb5 Nd7 60.e5 Nb6 61.Ke4 c4 62.Kd4 Ke6 63.Bc6 c3 64.Kxc3 Kxe5
65.Kd3 Nc8 66.Ke2 Nd6 67.g3 Ne4 68.Kf3 f5 69.Be8 Kf6 70.Bc6 Nc5 71.Kg2 Ne6
72.Be8 Ng7 73.Bc6 Ke7 74.Bb5 Ne6 75.Bc6 Nd8 76.Bb5 Nf7 77.Kf3 Kf6 78.Be8 Ne5+
79.Kf4 Nd3+ 80.Kf3  1/2-1/2

[Event "Lisboa zt"]
[Site "Lisboa"]
[Date "1993.??.??"]
[Round "3"]
[White "Illescas Cordoba, Miguel"]
[Black "Ochoa de Echaguen, F Javier"]
[Result "1/2-1/2"]
[WhiteElo "2615"]
[BlackElo "2415"]

1.d4 f5 2.Bg5 h6 3.Bh4 g5 4.e3 Nf6 5.Bg3 d6 6.h4 Rg8 7.hxg5 hxg5 8.Bd3 Nc6
9.Nf3 e6 10.c4 Qe7 11.Qc2 Bd7 12.a3 O-O-O 13.d5 exd5 14.cxd5 Nxd5 15.Bxf5 Bg7
16.Be4 Nb6 17.Nbd2 d5 18.Bd3 Rh8 19.O-O-O Rxh1 20.Rxh1 Rh8 21.Rxh8+ Bxh8
22.Nb3 Kb8 23.Nbd4 Ne5 24.Bb5 g4 25.Nxe5 Bxe5 26.Bxe5 Qxe5 27.Bxd7 Nxd7 28.Qh7 Qe8
29.Ne6 Qxe6 30.Qh8+ Nf8 31.Qxf8+ Qc8 32.Qe7 Qg8 33.Qe5 a6 34.Kd2 b6 35.Ke2 Qf7
36.Kf1 Kb7 37.Kg1 c6 38.Qg5 Qd7 39.Kh2 Qd6+ 40.Kg1 Qd7 41.Qe5 c5 42.f4 gxf3
43.gxf3 a5 44.Kf2 Kc6 45.a4 Qd6 46.Qe8+ Kc7 47.f4 Qf6 48.Kg3 Qg7+ 49.Kf3 Qf6
50.Qh5 Kd6 51.f5 d4 52.Qg6 Ke7 53.exd4 Qxd4 54.Qe6+ Kf8 55.f6 Qd1+ 56.Kg3 Qg1+
57.Kf3 Qd1+ 58.Kg2 Qd2+ 59.Kg3 Qd3+ 60.Kh4 Qd4+ 61.Kh5 Qd1+ 62.Qg4 Qd5+ 63.Kh6 Qd2+
64.Kh5 Qd5+ 65.Qg5 Qf3+ 66.Kh6 Qh1+ 67.Qh5 Qe4 68.b3 Qe3+ 69.Qg5 Qh3+ 70.Kg6 Qd3+
71.Qf5 Qg3+ 72.Qg5 Qd3+ 73.Kh5 Qh3+ 74.Kg6  1/2-1/2